Beyond oil and gas : the methanol economy /
Saved in:
| Main Author: | |
|---|---|
| Other Authors: | , |
| Format: | Book |
| Language: | English |
| Published: |
Weinheim [an der Bergstrasse, Germany]
Wiley-VCH
c2006.
|
| Subjects: | |
| Online Access: | Contributor biographical information Publisher description Table of contents only View in OPAC |
| Tags: |
No Tags, Be the first to tag this record!
|
MARC
| LEADER | 00000cam a2200000 a 4500 | ||
|---|---|---|---|
| 005 | 20260127134033.0 | ||
| 008 | 070726s2006 gw a b 001 0 eng d | ||
| 010 | |a 2007-440842 | ||
| 020 | |a 9783527312757 (ISBN13 : cased) | ||
| 020 | |a 3527312757 (cased) | ||
| 035 | |a vtls009159554 | ||
| 039 | 9 | |a 201604281333 |b AUTHORITY |y 200711151041 |z mschk02 | |
| 040 | |a UKM |b eng |c UKM |d BAKER |d CUY |d NNU |d DLC |d STUSCHK1 | ||
| 042 | |a ukblsr |a lccopycat | ||
| 072 | 7 | |a QD |2 lcco | |
| 082 | 0 | 0 | |a 333.793 |2 22 |
| 100 | 1 | |a Olah, George A., |d 1927- | |
| 245 | 1 | 0 | |a Beyond oil and gas : |b the methanol economy / |c George A. Olah, Alain Goeppert and G.K.Surya Prakash. |
| 260 | |a Weinheim [an der Bergstrasse, Germany] |b Wiley-VCH |c c2006. | ||
| 300 | |a xiv, 290 p. |b ill. |c 25 cm. | ||
| 504 | |a Includes bibliographical references and index. | ||
| 650 | 0 | |a Methanol industry |x Economic aspects. | |
| 700 | 1 | |a Goeppert, Alain, |d 1974- | |
| 700 | 1 | |a Prakash, G. K. Surya. | |
| 856 | 4 | 2 | |3 Contributor biographical information |u http://www.loc.gov/catdir/enhancements/fy0739/2007440842-b.html |
| 856 | 4 | 2 | |3 Publisher description |u http://www.loc.gov/catdir/enhancements/fy0739/2007440842-d.html |
| 856 | 4 | 1 | |3 Table of contents only |u http://www.loc.gov/catdir/enhancements/fy0739/2007440842-t.html |
| 906 | |a 7 |b cbc |c copycat |d 2 |e ncip |f 20 |g y-gencatlg | ||
| 910 | |a SCHK95 | ||
| 919 | |a 3-527-312757 | ||
| 925 | 0 | |a acquire |b 1 shelf copies |x policy default | |
| 999 | |c 2583 |d 2583 | ||